La Universidad en transición
Saved in:
| Hovedforfatter: | |
|---|---|
| Format: | Bog |
| Sprog: | spansk |
| Udgivet: |
Ciudad de México
UTEHA
1967
|
| Serier: | Manuales UTEHA. Sección educación, 17
|
| Fag: | |
| Tags: |
Tilføj Tag
Ingen Tags, Vær først til at tagge denne postø!
|
MARC
| LEADER | 00000nam a2200000 a 4500 | ||
|---|---|---|---|
| 001 | UCW6966 | ||
| 003 | CL-VaPUC | ||
| 008 | 920730e19670000MX |||||||||||||||||spa|d | ||
| 082 | 0 | 4 | |a 378 |b PER |2 21 |
| 100 | 0 | |a Perkins, James Alfred |e author |9 312064 | |
| 245 | 1 | 3 | |a La Universidad en transición |
| 300 | |a 134 p | ||
| 942 | |c BK | ||
| 945 | |d 19920730 00:00:00 | ||
| 260 | |a Ciudad de México |b UTEHA |c 1967 | ||
| 650 | 0 | |a Educación superior |9 223851 | |
| 651 | 0 | |a Estados Unidos |9 255178 | |
| 583 | |a last modification |c 19920730 00:00:00 |k Rodrigo Vera | ||
| 490 | 0 | |a Manuales UTEHA. Sección educación, 17 | |
| 999 | |c 219861 |d 219859 | ||
| 952 | |0 0 |1 0 |4 0 |6 378_000000000000000_PER_1967 |7 0 |8 P |9 211328 |a BIBEDU |b BIBEDU |c BIBEDU_PB |d 2019-11-15 |i 2795299 |o 378 PER 1967 |p 2795299 |r 2024-01-25 |w 2019-11-15 |y BK |k EDU | ||
| 952 | |0 0 |1 0 |4 0 |6 378_000000000000000_PER_1967 |7 0 |8 P |9 211329 |a BIBEDU |b BIBEDU |c BIBEDU_PB |d 2019-11-15 |i 2795302 |o 378 PER 1967 |p 2795302 |r 2024-01-25 |w 2019-11-15 |y BK |k EDU | ||
| 952 | |0 0 |1 0 |4 0 |6 378_000000000000000_PER_1967 |7 0 |8 P |9 211330 |a BIBDER |b BIBDER |d 2019-11-15 |i 4684508 |o 378 PER 1967 |p 4684508 |r 2023-01-25 |w 2019-11-15 |y BK |k DER | ||